| 000 | 01404 a2200205 4500 | ||
|---|---|---|---|
| 001 | 25226 | ||
| 005 | 20260407155536.0 | ||
| 008 | 260407a1975 arg spa d | ||
| 003 | AR-UNSa-BCEJYS | ||
| 040 |
_aAR-UNSa-BCEJYS _bspa _cAR-UNSa-BCEJYS |
||
| 080 |
_a347.249 _xDerecho relativo a las minas. Propiedad minera. Derechos mineros |
||
| 245 | 1 | 0 | _aCurso de derecho minero |
| 250 | _a4a. ed | ||
| 264 | 1 |
_aBuenos Aires : _bVíctor P. de Zavalía _c1975 |
|
| 300 |
_a527 p. _c23 cm. |
||
| 505 | _a1. Introducción - 2. Naturaleza jurídica de la propiedad minera - 3. De los derechos explorativos - 4. Adquisición de las minas(I) - 5. Adquisición de las minas(II) - 6. Adquisición de las minas(III) - 7. De las pertenencias - 8. Efectos jurídicos de la conseión - 9. Explotación.Derecho de ocupación del suelo - 10. Del amparo de las minas - 11. Responsabilidad - 12. Disposiciones especiales y aplicables a la sustacia de segunda y tercera categorias - 13. Autoridad minera.Condiciones de la explotación - 14. Contratos mineros y modificaciones al derecho común en materia de minas - 15. Legislación del petroleo(I) - 16. Legilación del petroleo(II) - 17. Legislación del petroleo(III) - 18. Régimen legal de los elementos y minerales nucleares - 19. Las empresas mineras del estado. | ||
| 942 | _cBK | ||
| 590 | _aniveau_biblio:m niveau_hierar:0 | ||
| 100 | 1 | _aCatalano, Edmundo Fernando | |
| 999 |
_c1333 _d1333 |
||